Quick Pick: Central American Capitals Quiz Stats

 Plays Quiz Updated Apr 28, 2016

Challenge
Share
Tweet
Embed
Score 0/7 Timer 01:00
0 Plays Today
% Correct
Panama City
86.2%
Guatemala City
84%
San Salvador
79%
San José
69.7%
Managua
64.3%
Tegucigalpa
57.3%
Belmopan
52.3%

Today's Daily Dose

Missing Word
No Snow!

Word Ladder
Wild Cats

On This Day
December 16th II

You're not logged in!

Compare scores with friends on all Sporcle quizzes.
OR
Log In

You Might Also Like...

Show Comments

Extras

Top Quizzes Today


Score Distribution

Your Account Isn't Verified!

In order to create a playlist on Sporcle, you need to verify the email address you used during registration. Go to your Sporcle Settings to finish the process.

Report this User

Report this user for behavior that violates our Community Guidelines.

Details: